La casa de los caballos muertos /

Furkejuvvon:
Bibliográfalaš dieđut
Váldodahkki: Vargas Molina, Félix (autor)
Materiálatiipa: Girji
Giella:espánnjágiella
Almmustuhtton: Guadalajara, México : Universidad de Guadalajara, 1979, c1979
Ráidu:(Sociedad y Lenguaje)
Fáttát:
Fáddágilkorat: Lasit fáddágilkoriid
Eai fáddágilkorat, Lasit vuosttaš fáddágilkora!

MARC

LEADER 00000nam^a2200000^a^4500
001 000033226
005 20250521000000.0
009 20260310085150.736
020 |a 968-057-0032-X 
037 |a Acervo ITESO - Biblioteca 
041 |a ESP 
082 |a 863.  |b VAR 
100 |a Vargas Molina, Félix  |e (autor) 
245 1 3 |a La casa de los caballos muertos /  |c F. Vargas Molina. 
264 4 |a Guadalajara, México :  |b Universidad de Guadalajara,  |c 1979, c1979 
300 |a 143 p. 
336 |a texto  |b txt  |2 rdacontenido 
337 |a sin mediación  |b n  |2 rdamedio 
338 |a volumen  |b nc  |2 rdasoporte 
440 1 |a (Sociedad y Lenguaje) 
545 0 |a Félix Vargas Molina (Rancho Los Mezquites, 1943 – Guadalajara, 1997), escritor jalisciense. Estudió Pintura y Escultura en el Jardín del Arte en la capital jalisciense y Letras en la UdeG, institución donde ejerció la docencia y desempeñó actividades directivas. Los libros de relatos La muerte de rostro azul: cuentos enlutados para la muerte (1975), El milagro atropellado (1978), La casa de los caballos muertos (1979), Chinto Luna (1980), Castigo de castidad (1986) y En cumplimiento del deber (1994) conforman la obra narrativa de Vargas, quien dirigió la publicación Intento y colaboró en Summa y en Comunidad Latinoamericana de Escritores. Coordinador de teatro del Instituto Cultural Cabañas, contribuyó a la dramaturgia jalisciense con títulos como ¡Jesús, María y José! Movimiento escénico en dos actos (1980; estreno en 1982) y Las dos soledades: farsa trágico-poética en dos actos (1981; estreno en 1979). 
649 |a XX 
650 |a Cuentos Jaliscienses 
650 |a Cuentos Mexicanos 
650 |a Literatura Jalisciense -  |y Siglo XX 
650 |a Literatura Mexicana -  |y Siglo XX 
910 |a Fondo General 
920 |a Impresos - Libros 
930 |a Colección General 
940 |a Literatura 
905 |a 101 
901 |a 0332260100  |b IT1  |c LIT  |i 033226  |u 20250521 
902 |a https://opac.biblio.iteso.mx/vufind/Record/000033226